Văn hóa dân gian xứ Nghệ
Tập 7 của sách Văn hóa dân gian xứ Nghệ gồm những bài vè nói về thiên nhiên và đặc sản ở xứ nghệ, những bài vè nói về phong thổ, phong cảnh, những bài vè nói về lụt lội, hạn hán, bão tố, sâu keo làm mất mùa đói khổ....
Zapisane w:
| 1. autor: | |
|---|---|
| Format: | Książka |
| Język: | Undetermined |
| Wydane: |
Hà Nội
Văn hóa Thông tin
2011
|
| Hasła przedmiotowe: | |
| Etykiety: |
Dodaj etykietę
Nie ma etykietki, Dołącz pierwszą etykiete!
|
| Thư viện lưu trữ: | Trung tâm Học liệu Trường Đại học Cần Thơ |
|---|
| LEADER | 01021nam a2200193Ia 4500 | ||
|---|---|---|---|
| 001 | CTU_170545 | ||
| 008 | 210402s9999 xx 000 0 und d | ||
| 082 | |a 398.809597 | ||
| 082 | |b Gi108/T.7 | ||
| 100 | |a Ninh, Viết Giao | ||
| 245 | 0 | |a Văn hóa dân gian xứ Nghệ | |
| 245 | 0 | |c Ninh Viết Giao | |
| 260 | |a Hà Nội | ||
| 260 | |b Văn hóa Thông tin | ||
| 260 | |c 2011 | ||
| 520 | |a Tập 7 của sách Văn hóa dân gian xứ Nghệ gồm những bài vè nói về thiên nhiên và đặc sản ở xứ nghệ, những bài vè nói về phong thổ, phong cảnh, những bài vè nói về lụt lội, hạn hán, bão tố, sâu keo làm mất mùa đói khổ. | ||
| 650 | |a Nature,Folk poetry, Vietnamese,Thiên nhiên,Thơ dân gian Việt Nam | ||
| 904 | |i Năm (sửa số phân loại 398.859742 thành 398.809597 chưa in nhãn, Tuyến | ||
| 980 | |a Trung tâm Học liệu Trường Đại học Cần Thơ | ||